00918nam a22002177a 4500999001500000003000900015008004100024020001500065040007100080082001900151100002100170245005700191260005400248300002600302505017400328650002900502650003200531942001600563945002200579952009900601  c1175d1175AR-CdUCM190226b           ||||| |||| 00| 0 spa d  a9509432520  aMUNICIPALIDAD PROVINCIAL DEL CUSCOcBIBLIOTECA MUNICIPAL DEL CUSCO  a320.973 /bB82  aBrewster C.Denny  aSistema de gobierno y política de estados unidos /  aArgentina :bGrupo editor latinoamericano,c1986.  a235 paginas ;c22 cm.  aLa base constitucional de la política exterior --De Filadelfia a Versailles y de regreso --Hacia la responsabilidad permanente del orden mundial --La guerra fría ...  aCiencia política91775  aDesarrollo político94612  2ddccLIBROS  arjalld2019-02-26  002ddc4070aSHbSHcCARTd2019-02-26g23.00o320.973 / B82pSH0000001233r2019-02-26yLIBROS